Catálogo
 En Linea

Guerra de tías / (Registro nro. 58554)

Detalles MARC
000 -CABECERA
campo de control de longitud fija 01835nam a2200385 i 4500
003 - IDENTIFICADOR DEL NÚMERO DE CONTROL
campo de control DO-SdBNP
005 - FECHA Y HORA DE LA ÚLTIMA TRANSACCIÓN
campo de control 20250402113354.0
007 - CAMPO FIJO DE DESCRIPCIÓN FÍSICA--INFORMACIÓN GENERAL
campo de control de longitud fija ta
008 - DATOS DE LONGITUD FIJA--INFORMACIÓN GENERAL
campo de control de longitud fija 250402b2024 dr a c 000 f spa d
020 ## - NÚMERO INTERNACIONAL ESTÁNDAR DEL LIBRO
Número Internacional Estándar del Libro 9789945245509
040 ## - FUENTE DE LA CATALOGACIÓN
Centro catalogador/agencia de origen DO-SdBNP
Lengua de catalogación spa
Centro/agencia transcriptor BNPHU
Normas de descripción rda
082 #4 - NÚMERO DE LA CLASIFICACIÓN DECIMAL DEWEY
Número de clasificación RD863.44
Número de documento/Ítem S236
Número de edición 22
100 1# - ENTRADA PRINCIPAL--NOMBRE DE PERSONA
Nombre de persona Santis, Geraldine de
9 (RLIN) 43394
Término indicativo de función/relación autora
Código de función/relación aut.
245 14 - MENCIÓN DE TÍTULO
Título Guerra de tías /
Mención de responsabilidad, etc. Geraldine de Santis ; ilustraciones, Tulio Matos ; corrección de estilo, Gisela Vargas Ortega ; edición, Jorge Luis Zamora ; prólogo Constanza Mekis M.
250 ## - MENCIÓN DE EDICIÓN
Mención de edición Primera edición
264 #4 - PRODUCCIÓN, PUBLICACIÓN, DISTRIBUCIÓN, FABRICACIÓN Y COPYRIGHT
Producción, publicación, distribución, fabricación y copyright Santo Domingo :
Nombre del de productor, editor, distribuidor, fabricante Santillana Infantil y Juvenil,
Fecha de producción, publicación, distribución, fabricación o copyright ©2024.
300 ## - DESCRIPCIÓN FÍSICA
Extensión 125 páginas :
Otras características físicas ilustraciones :
Dimensiones 20 cm.
336 ## - TIPO DE CONTENIDO
Término de tipo de contenido texto
Código de tipo de contenido txt
Fuente rdacontent
337 ## - TIPO DE MEDIO
Nombre/término del tipo de medio sin mediación
Código del tipo de medio n
Fuente rdamedia
338 ## - TIPO DE SOPORTE
Nombre/término del tipo de soporte volumen
Código del tipo de soporte nc
Fuente rdacarrier
490 0# - MENCIÓN DE SERIE
Mención de serie Loqueleo
490 0# - MENCIÓN DE SERIE
Mención de serie Naranja
-- Novela
Designación de volumen o secuencia 10
500 ## - NOTA GENERAL
Nota general Incluye datos biográficos de la autora en las páginas 124-125.
520 ## - SUMARIO, ETC.
Sumario, etc. Desde el momento en que la tía Cuentina irrumpe en la vida de Nadia, el lector se ve inmerso en un torbellino de ocurrencias y extravagancias que mantienen su atención en todo momento. La descripción detallada de los personajes y sus interacciones crea una atmósfera viva y llena de colores, haciendo que sea una delicia la lectura de cada página.
521 ## - NOTA DE PÚBLICO DESTINATARIO
Nota de público destinatario Jóvenes a partir de 10 años.
590 ## - NOTA LOCAL (RLIN)
Nota local Inventariado, 2025/ YL
650 #4 - PUNTO DE ACCESO ADICIONAL DE MATERIA--TÉRMINO DE MATERIA
Término de materia o nombre geográfico como elemento de entrada Cuentos infantojuveniles dominicanos
9 (RLIN) 84578
650 #4 - PUNTO DE ACCESO ADICIONAL DE MATERIA--TÉRMINO DE MATERIA
Término de materia o nombre geográfico como elemento de entrada Literatura infantojuvenil dominicana
9 (RLIN) 84579
700 1# - PUNTO DE ACCESO ADICIONAL--NOMBRE DE PERSONA
Nombre de persona Matos, Tulio
Término indicativo de función/relación ilustraciones
9 (RLIN) 29569
Código de función/relación il.
700 1# - PUNTO DE ACCESO ADICIONAL--NOMBRE DE PERSONA
Nombre de persona Vargas Ortega, Gisela,
Término indicativo de función/relación corrección de estilo
9 (RLIN) 65096
Código de función/relación corr.
700 1# - PUNTO DE ACCESO ADICIONAL--NOMBRE DE PERSONA
Nombre de persona Zamora, Jorge Luis,
Término indicativo de función/relación edición
9 (RLIN) 42960
Código de función/relación ed.
700 1# - PUNTO DE ACCESO ADICIONAL--NOMBRE DE PERSONA
Nombre de persona Mekis M., Constanza
Término indicativo de función/relación prólogo
Código de función/relación prol.
9 (RLIN) 87301
910 ## - DATOS DE OPCIÓN DEL USUARIO (OCLC)
Datos de opción del usuario YLockward
942 ## - ELEMENTOS DE PUNTO DE ACCESO ADICIONAL (KOHA)
Fuente del sistema de clasificación o colocación Dewey Decimal Classification
Tipo de ítem Koha Libro
Existencias
Estado de retiro Estado de pérdida Fuente del sistema de clasificación o colocación Restricciones de uso No para préstamo Código de colección Localización permanente Ubicación/localización actual Ubicación en estantería Fecha de adquisición Fuente de adquisición Total de préstamos Signatura topográfica completa Código de barras Fecha visto por última vez Precio válido a partir de Tipo de ítem Koha Número de copia
    Dewey Decimal Classification Excluido de préstamo   Infantojuvenil Patrimonio Dominicano Biblioteca Nacional Pedro Henríquez Ureña Biblioteca Nacional Pedro Henríquez Ureña En catalogación 15.10.2024 Deposito Legal   BNPHU CIJ-PD RD863.44 S236 2025-2359 02.04.2025 02.04.2025 Libro  
    Dewey Decimal Classification Excluido de préstamo   Infantojuvenil Patrimonio Dominicano Biblioteca Nacional Pedro Henríquez Ureña Biblioteca Nacional Pedro Henríquez Ureña En catalogación 15.10.2024 Deposito Legal   BNPHU CIJ-PD RD863.44 S236 2025-2360 02.04.2025 02.04.2025 Libro e. 2
    Dewey Decimal Classification Préstamo en sala   Dominicana de Servicio Biblioteca Nacional Pedro Henríquez Ureña Biblioteca Nacional Pedro Henríquez Ureña En catalogación 15.10.2024 Deposito Legal   BNPHU CIJ-DS RD863.44 S236 2025-2361 02.04.2025 02.04.2025 Libro e. 3

Con tecnología Koha